Bangladesh District Gazetteers: Chittagong Hill Tracts / (Record no. 23421)

MARC details
000 -LEADER
fixed length control field 01294cam a2200277 4500
001 - CONTROL NUMBER
control field 1728353
003 - CONTROL NUMBER IDENTIFIER
control field BDDh-ASL
005 - DATE AND TIME OF LATEST TRANSACTION
control field 20231015030234.0
008 - FIXED-LENGTH DATA ELEMENTS--GENERAL INFORMATION
fixed length control field 730912m19711971bg ab b 001 0 eng
010 ## - LIBRARY OF CONGRESS CONTROL NUMBER
LC control number 73169289
040 ## - CATALOGING SOURCE
Original cataloging agency DLC
Transcribing agency DLC
Modifying agency DLC
-- BDDh-ASL
043 ## - GEOGRAPHIC AREA CODE
Geographic area code a-bg---
050 00 - LIBRARY OF CONGRESS CALL NUMBER
Classification number DS393.4
Item number .B36
082 00 - DEWEY DECIMAL CLASSIFICATION NUMBER
Classification number 910.35492
Item number CHI
110 1# - MAIN ENTRY--CORPORATE NAME
Corporate name or jurisdiction name as entry element Bangladesh.
Subordinate unit Government of the People's Republic of Bangladesh.
-- Establishment Division.
-- Ministry of Cabinet Affairs.
245 10 - TITLE STATEMENT
Title Bangladesh District Gazetteers: Chittagong Hill Tracts /
Statement of responsibility, etc. General Editor: Muhammad Ishaq.
260 ## - PUBLICATION, DISTRIBUTION, ETC.
Place of publication, distribution, etc. Dacca:
-- Dhaka:
Name of publisher, distributor, etc. Bangladesh Government Press,
Date of publication, distribution, etc. 1971-<1983>
-- 1971.
300 ## - PHYSICAL DESCRIPTION
Extent 319 p. :
Other physical details illus., fold. maps.
Dimensions 25 cm.
504 ## - BIBLIOGRAPHY, ETC. NOTE
Bibliography, etc. note Includes bibliographies and indexes.
505 1# - FORMATTED CONTENTS NOTE
Formatted contents note [1] Chittagong.--[2] Dinajpur.--[3] Kushtia.--[4] Faridpur.--[5] Pabna.--[6] Comilla.--[7] Noakhali.--[8] Rangpur.--[9] Rajshahi.--[10] Tangail. --[12] Khulna.--[13] Mymensingh.--[14] Jessore.--[15] Bogra.--[16] Bakerganj.--[17] Patuakhali.--[18] Tangail.--[19] Sylhet.--[20] Chittagong Hill Tracts.
650 #0 - SUBJECT ADDED ENTRY--TOPICAL TERM
9 (RLIN) 3522
Topical term or geographic name entry element District Gazetteers
651 #0 - SUBJECT ADDED ENTRY--GEOGRAPHIC NAME
Geographic name Bangladesh.
Geographic subdivision Chittagong Hill Tracts
700 1# - ADDED ENTRY--PERSONAL NAME
Personal name Ishaq, Muhammad
9 (RLIN) 3527
906 ## - LOCAL DATA ELEMENT F, LDF (RLIN)
a 7
b cbc
c orignew
d 4
e ncip
f 19
g y-gencatlg
942 ## - ADDED ENTRY ELEMENTS (KOHA)
Source of classification or shelving scheme Dewey Decimal Classification
Koha item type Books
Holdings
Withdrawn status Lost status Source of classification or shelving scheme Damaged status Not for loan Collection code Home library Current library Shelving location Date acquired Source of acquisition Total Checkouts Full call number Barcode Date last seen Copy number Price effective from Koha item type Public note
    Dewey Decimal Classification Damaged Not For Loan Non-fiction Asiatic Society Library Asiatic Society Library General Stacks 03/25/2021 ASB Library Collections   910.35492 CHI 107851 03/25/2021 C-1 03/25/2021 Books RARE
    Dewey Decimal Classification     Non-fiction Asiatic Society Library Asiatic Society Library Sirajul Islam Collection 07/16/2021 Donated by Professor Sirajul Islam, FRHS   910.35492 CHI 110233 07/16/2021 C-2 07/16/2021 Books Rare

Powered by Koha